Statistics for What Country is the Car Manufacured In?

Click here to take the quiz!

General Stats

  • This quiz has been taken 41 times
  • The average score is 34 of 35

Answer Stats

Car BrandCountry% Correct
FiatItaly
100%
FierroItaly
100%
ChryslerItaly
100%
MazeratiItaly
100%
LambourghiniItaly
100%
AudiGermany
97%
BMWGermany
97%
InfinityJapan
97%
MazdaJapan
97%
HondaJapan
97%
SubaruJapan
97%
NissanJapan
97%
ToyotaJapan
97%
JeepUSA
97%
GMCUSA
97%
VolkswagenUSA
97%
MercuryUSA
97%
LincolnUSA
97%
DodgeUSA
97%
PontiacUSA
97%
FordUSA
97%
ChevorletteUSA
97%
CatillacUSA
97%
HyundaiSouth Korea
95%
KiaSouth Korea
95%
BuickSouth Korea
95%
VolvoSweden
92%
Range RoverUK
92%
BentlyUK
92%
JaguarUK
92%
Land RoverUK
92%
LotusUK
92%
LexusUK
92%
Rolls RoyceUK
92%
BugattiFrance
84%

Score Distribution

Percentile by Number Answered

Percent of People with Each Score

Your Score History

You have not taken this quiz